000 00523nam a2200193Ia 4500
008 131103s9999 xx 000 0 und d
040 _aLoreto College
041 _aEnglish
082 _a791.4/PAS
_bLCLIB/24384
245 _aPasoline on Pasolini
_b interview with Oswald Stock
260 _aLondon
_bThomes and Hudson
_c1969
300 _a176 p.
_c 20 cm.
440 _aCinema One
504 _aIncludes bibliographical references
650 _aFilms
651 _aMotion Picture
850 _aLCLIB
942 _cBK
999 _c7189
_d57668